| 000 | 00602nam a22001815i 4500 | ||
|---|---|---|---|
| 001 | 102868 | ||
| 003 | ES-MaACL | ||
| 005 | 20230906183213.0 | ||
| 007 | t| | ||
| 008 | 950928s1854 sp ||||1| spa d | ||
| 040 |
_aCAM _bspa _cCAM |
||
| 100 | 1 |
_aEsquiros, Alphonse. _947973 |
|
| 245 | 1 | 0 |
_aHistoria de los montañeses _b: Revolución Francesa / _cpor Alfonso Esquirós; traducida al castellano por José Sidro y Surga. |
| 260 |
_aMadrid : _b[s.n.], _c1854 ( _fImpr. de Manuel Minuesa) |
||
| 300 |
_a537, [2] p. ; _c23 cm. |
||
| 700 | 1 |
_aSidro y Surga, José. _9106209 |
|
| 852 |
_aES-MaACL _jC-3194 |
||
| 999 |
_c102868 _d102868 |
||